| 000 | 01164nam a22003010a 4500 | ||
|---|---|---|---|
| 001 | PT25765 | ||
| 003 | AR-LpoUNG | ||
| 005 | 20210131233228.0 | ||
| 008 | 191001s1985||||sp |||||||||||||||||spa d | ||
| 020 |
_a8430310290 _c$18,75 |
||
| 040 |
_aAR-LpoUNG _bspa _cAR-LpoUNG _eaacr |
||
| 041 | _aspa | ||
| 044 | _asp | ||
| 082 | 0 | _aR473 638dic | |
| 100 | 1 | _aBlánquez Fraile, Agustín | |
| 245 | 1 | 0 |
_aDiccionario español-latino latino-español : _bA - Z |
| 260 |
_aBarcelona : _bRamón Sopena, _c1985. |
||
| 300 |
_a752 p. : _bgráfs., fot. |
||
| 520 | _a<p>Contiene 160.000 voces de entradas con numerosas acepciones; ejemplos de frases y modismos de los autores clásicos; extensa gramática latina; términos científicos y técnicos; nombres de personas, geográficos, mitológicos, patronímicos e históricos. Anexo biográfico de los principales autores y obras. Calendario, monedas, pesas y medidas romanas.</p> | ||
| 650 | 4 | _aDICCIONARIOS | |
| 650 | 4 | _aLEXICOGRAFIA | |
| 650 | 4 | _aMATERIAL DE REFERENCIA | |
| 650 | 4 | _aTERMINOLOGIA | |
| 653 | _aDICCIONARIOS BILINGÜES | ||
| 653 | _aDICCIONARIOS DE LATIN | ||
| 905 | _a25765 | ||
| 942 | _cLSALA | ||
| 999 |
_c19744 _d19744 |
||